South American Geography by Letter - I - Statistics

General Stats
  • This quiz has been taken 67 times
    66 since last reset
  • The average score is 8 of 19
Answer Stats
Clue Answer % Correct
Empire that ended in 1572 Inca
100%
Famous waterfalls on the border of Argentina and Brazil Iguazú Falls
88%
Popular beach in Rio de Janeiro Ipanema
84%
Landform that connects the two American continents {Isthmus} of Panama
78%
Largest ethnic group in Guyana {Indo}-Guyanese
52%
Second most common language in Argentina in terms of native speakers Italian
52%
Parque Seminario in Ecuador is a place to see this animal Iguana
47%
Largest city in northeastern Peru Iquitos
43%
Bird species also called "guará" Scarlet {ibis}
41%
Motor circuit in São Paulo Interlagos
33%
Park in São Paulo where Pedro I declared Brazil's self-sovereignty {Independence} Park
31%
Three-letter department of Peru Ica
24%
Largest of the Galápagos Islands Isabela
24%
Major city in northern Chile Iquique
22%
Hydroelectric dam on the Brazil– Paraguay border {Itaipu} Dam
14%
City on São Sebastião Island ("Beautiful Island" in Portuguese) Ilhabela
12%
Second largest city in Maranhão Imperatriz
10%
The above is part of this district Ipiranga
10%
Mountain that overlooks La Paz Illimani
3%
No matching quizzes found
Score Distribution
Percent of People with Each Score
Percentile by Number Answered
Your Score History
You have not taken this quiz since the last reset